Países Modernos del Imperio Mexicano en un Mapa - Estadísticas

Estadísticas generales
  • Esta prueba ha sido intentada 1.163 veces
  • La puntuación promedio es 8 de 8
Respuestas en el mapa
Las respuestas están codificadas por una escala verde-roja en el mapa de la prueba según el % correcto abajo.
 
Estadísticas de respuestas
Países % Correcto
México
100%
Estados Unidos
99%
El Salvador
97%
Guatemala
97%
Honduras
97%
Nicaragua
96%
Costa Rica
95%
Belice
93%
No se encontraron pruebas coincidentes
Distribución de puntuación
Porcentaje de gente con cada puntuación
Porcentaje por número respondido
Historial de tus puntuaciones
No has intentado esta prueba.